000 02069nam a2200421 i 4500
003 DO-SdBNP
005 20251121115332.0
007 ta
008 240208b2023 dr ||||| |||| 00| 0 spa d
020 _a9789945510331
040 _aDO-SdBNP
_bspa
_cBNPHU
_erda
041 _aspa
082 4 _a028.9
_bH519i 2023
_222
100 1 _aHenríquez Ureña, Camila,
_d1894-1973
_977787
_eautor
_4aut.
245 1 0 _aInvitación a la lectura :
_bnotas sobre apreciación literaria /
_cCamila Henríquez Ureña ; corrección, María del Carmen Vicente, Apolinar Liz Rodríguez ; diagramación, Amado Santana..
250 _aPrimera edición
264 4 _aSanto Domingo, República Dominicana :
_bEditora Nacional,
_c©2023.
300 _a205 páginas ;
_c23 cm
336 _atexto
_btxt
_2rdacontent
337 _asin mediación
_bn
_2rdamedia
338 _avolumen
_bnc
_2rdacarrier
500 _aIncluye referencias bibliográficas y notas al pie de las páginas
500 _aIncluye datos biográficos de la autora en las solapas
500 _aEdición especial para la XXV Feria Internacional del Libro Santo Domingo 2023
505 _a1. El arte literario, 7 -- 2. El arte de leer, 23 -- 3. La lectura de la poesía, 39 -- 4. El lector ante la poesía, 79 -- 5. La novela, 101 -- 6. Evolución de la novela, 117 -- 7. Estructura de la obra dramática, 133 -- 8. El teatro, 153 -- 9. La biografía, 167 -- 10. El ensayo, 181 -- 11. Selección de lecturas, 193.
590 _aInventariado, 2024/BT
600 1 4 _aHenríquez Ureña, Camila
_d1894-1973
_977788
_vEnsayos, conferencias, etc.
650 0 _aPromoción de la lectura
_97321
650 4 _aComprensión de la lectura
_977869
650 0 _aLibros y lectura
_91512
650 4 _aFormas literarias
_97323
650 4 _aCrítica literaria
_93141
700 1 _aVicente, María del Carmen,
_ecorrector
_92564
_4co.
700 1 _aLiz Rodríguez, Apolinar,
_ecorrector
_984877
_4co.
700 1 _aSantana, Amado,
_ediagramador
_4di.
_97207
910 _aBtavárez/Validado. Control de calidad MFF
942 _2ddc
_cLBS1
999 _c55851
_d55851